00739nam a22001697a 4500003000900000008004100009040007100050082002500121100002300146245005200169260002600221300002800247505025200275650001700527650001400544650001100558AR-CdUCM190321b ||||| |||| 00| 0 spa d aMUNICIPALIDAD PROVINCIAL DEL CUSCOcBIBLIOTECA MUNICIPAL DEL CUSCO 24 ed.a150.35 /bB47 aBlumenfeld, Walter aIntroducción a la psicología experimental / aLima :bLopez,c1959. a481 páginas ;c23 cm. aContenido : Prefacio a la primera edición -- Prefacio a la segunda edición -- Prefacio a la tercera edición -- Capítulo I : Noción y terreno de la Psicología -- Capítulo II : Fines y métodos de la investigación psicológica ... aPsicología aMétodos aHumana